| 000 | 00510nam a2200169 4500 | ||
|---|---|---|---|
| 001 | 120379 | ||
| 003 | ES-MaACL | ||
| 005 | 20230906191533.0 | ||
| 007 | t| | ||
| 008 | 070214s1961 cu r ||||1| spa d | ||
| 100 | 1 |
_aPogolotti, Marcelo. _992734 |
|
| 245 | 1 | 3 |
_aEl caserĂ³n del cerro / _cpor Marcelo Pogolotti. |
| 260 |
_aLa Habana : _bUniversidad Central de las Villas, _c1961. |
||
| 300 |
_a239 p. ; _c23 cm. |
||
| 710 | 2 |
_aUniversidad Central de Las Villas. _97082 |
|
| 852 |
_aES-MaACL _jC-20126 _bR.48600 |
||
| 999 |
_c120379 _d120379 |
||